<?xml version="1.0" encoding="UTF-8"?>
<record
    xmlns:xsi="http://www.w3.org/2001/XMLSchema-instance"
    xsi:schemaLocation="http://www.loc.gov/MARC21/slim http://www.loc.gov/standards/marcxml/schema/MARC21slim.xsd"
    xmlns="http://www.loc.gov/MARC21/slim">

  <leader>01602nam a2200241 a 4500</leader>
  <controlfield tag="001">000048220</controlfield>
  <controlfield tag="005">20240319201453.0</controlfield>
  <controlfield tag="008">181206s2016    dr ac         000 m spa d</controlfield>
  <datafield tag="020" ind1=" " ind2=" ">
    <subfield code="a">9789945897685</subfield>
  </datafield>
  <datafield tag="040" ind1=" " ind2=" ">
    <subfield code="a">DO-SdBNP</subfield>
    <subfield code="b">spa</subfield>
    <subfield code="c">BNPHU</subfield>
  </datafield>
  <datafield tag="082" ind1=" " ind2=" ">
    <subfield code="a">xxxx</subfield>
    <subfield code="b">P926g</subfield>
  </datafield>
  <datafield tag="245" ind1="0" ind2="3">
    <subfield code="a">La prensa y la guerra de abril 1965 /</subfield>
    <subfield code="c">editor, Andriano Miguel Tejada ; edici&#xF3;n Jes&#xFA;s R. Navarro Zerpa ; introducci&#xF3;n Bernardo Vega.</subfield>
  </datafield>
  <datafield tag="260" ind1=" " ind2=" ">
    <subfield code="a">Santo Domingo :</subfield>
    <subfield code="b">Academia Dominicana de la Historia,</subfield>
    <subfield code="c">2016.</subfield>
  </datafield>
  <datafield tag="300" ind1=" " ind2=" ">
    <subfield code="a">198 p. :</subfield>
    <subfield code="b">il., retrs. ;</subfield>
    <subfield code="c">28 cm.</subfield>
  </datafield>
  <datafield tag="490" ind1="1" ind2=" ">
    <subfield code="a">Academia Dominicana de la Historia</subfield>
    <subfield code="v">132</subfield>
  </datafield>
  <datafield tag="500" ind1=" " ind2=" ">
    <subfield code="a">Incluye datos biogr&#xE1;ficos del autor en la solapa de la cubierta</subfield>
  </datafield>
  <datafield tag="505" ind1="0" ind2=" ">
    <subfield code="a">Introducci&#xF3;n por Bernardo Vega --</subfield>
    <subfield code="t">La prensa y la Guerra de Abril de 1965 por Adriano Miguel Tejada --</subfield>
    <subfield code="t">La prensa y los primeros d&#xED;as de la revoluci&#xF3;n --</subfield>
    <subfield code="t">La edici&#xF3;n del 28 de abril --</subfield>
    <subfield code="t">La cobertura internacional --</subfield>
    <subfield code="t">Reporta la prensa extranjera --</subfield>
    <subfield code="t">La prensa de la guerra civil --</subfield>
    <subfield code="t">Palabras finales --</subfield>
    <subfield code="t">Rese&#xF1;as de diarios nacionales e internacionales --</subfield>
    <subfield code="t">La prensa nacional e internacional y los primeros d&#xED;as de la guerra --</subfield>
    <subfield code="t">Revistas &#xA1;Ahora! Y Bohemia &#xF02D; Revista &#xA1;Ahora! --</subfield>
    <subfield code="t">Revista &#xA1;Ahora! --</subfield>
    <subfield code="t">Revista Bohemia de Cuba --</subfield>
    <subfield code="t">La prensa de la Guerra Civil --</subfield>
    <subfield code="t">La Naci&#xF3;n --</subfield>
    <subfield code="t">Patria --</subfield>
    <subfield code="t">La Hoja --</subfield>
    <subfield code="t">Cables internacionales --</subfield>
    <subfield code="t">Cables de agencias --</subfield>
  </datafield>
  <datafield tag="590" ind1=" " ind2=" ">
    <subfield code="a">Inventariado, 2019/LP</subfield>
  </datafield>
  <datafield tag="700" ind1="1" ind2=" ">
    <subfield code="a">Tejada, Adriano Miguel</subfield>
    <subfield code="d">1948-2020</subfield>
    <subfield code="e">ed.</subfield>
    <subfield code="9">8560</subfield>
  </datafield>
  <datafield tag="700" ind1="1" ind2=" ">
    <subfield code="a">Navarro Zerpa, Jes&#xFA;s R.,</subfield>
    <subfield code="e">ed</subfield>
    <subfield code="9">73422</subfield>
  </datafield>
  <datafield tag="700" ind1="1" ind2=" ">
    <subfield code="a">Vega, Bernardo,</subfield>
    <subfield code="d">1938 -</subfield>
    <subfield code="e">introd.</subfield>
    <subfield code="9">3222</subfield>
  </datafield>
  <datafield tag="830" ind1=" " ind2=" ">
    <subfield code="a">Academia Dominicana de la Historia</subfield>
    <subfield code="9">770</subfield>
  </datafield>
  <datafield tag="952" ind1=" " ind2=" ">
    <subfield code="0">0</subfield>
    <subfield code="1">0</subfield>
    <subfield code="7">1</subfield>
    <subfield code="8">DS</subfield>
    <subfield code="a">GR</subfield>
    <subfield code="b">GR</subfield>
    <subfield code="c">HD</subfield>
    <subfield code="d">2018-12-06</subfield>
    <subfield code="i">LF1</subfield>
    <subfield code="l">0</subfield>
    <subfield code="o">xxxx P926g</subfield>
    <subfield code="p">48220-30</subfield>
    <subfield code="r">2020-06-25</subfield>
    <subfield code="t">e. 3</subfield>
    <subfield code="w">2020-06-25</subfield>
    <subfield code="y">LFDS</subfield>
    <subfield code="Z">No se presta</subfield>
  </datafield>
  <datafield tag="952" ind1=" " ind2=" ">
    <subfield code="0">0</subfield>
    <subfield code="1">0</subfield>
    <subfield code="7">1</subfield>
    <subfield code="8">PD</subfield>
    <subfield code="a">PD</subfield>
    <subfield code="b">PD</subfield>
    <subfield code="c">HD</subfield>
    <subfield code="d">2018-12-06</subfield>
    <subfield code="i">LF1</subfield>
    <subfield code="l">0</subfield>
    <subfield code="o">xxxx P926g</subfield>
    <subfield code="p">48220-10</subfield>
    <subfield code="r">2020-06-25</subfield>
    <subfield code="w">2020-06-25</subfield>
    <subfield code="y">LFPD</subfield>
    <subfield code="Z">No se presta</subfield>
  </datafield>
  <datafield tag="952" ind1=" " ind2=" ">
    <subfield code="0">0</subfield>
    <subfield code="1">0</subfield>
    <subfield code="7">1</subfield>
    <subfield code="8">PD</subfield>
    <subfield code="a">PD</subfield>
    <subfield code="b">PD</subfield>
    <subfield code="c">HD</subfield>
    <subfield code="d">2018-12-06</subfield>
    <subfield code="i">LF1</subfield>
    <subfield code="l">0</subfield>
    <subfield code="o">xxxx P926g</subfield>
    <subfield code="p">48220-20</subfield>
    <subfield code="r">2020-06-25</subfield>
    <subfield code="t">e. 2</subfield>
    <subfield code="w">2020-06-25</subfield>
    <subfield code="y">LFPD</subfield>
    <subfield code="Z">No se presta</subfield>
  </datafield>
  <datafield tag="999" ind1=" " ind2=" ">
    <subfield code="c">47708</subfield>
    <subfield code="d">47708</subfield>
  </datafield>
</record>
